000 00546nam a2200181Ia 4500
008 090123s9999 xx 000 0 und d
082 _b41610
100 _aधर्मापुरीकर मधुकर
245 _aअप्रुप
250 _a1
260 _bमौज प्रकाशन
_c2007
300 _a123
600 _aधर्मापुरीकर मधुकर
630 _aअप्रुप
700 _aधर्मापुरीकर मधुकर
730 _aअप्रुप
942 _cBOOK
999 _c79686
_d79686